|
|
|
|
| LEADER |
00000nam a2200000 4500 |
| 001 |
vtls012004492 |
| 003 |
SK-MaSNL |
| 005 |
20260301150154.0 |
| 008 |
201124s2020 xo g 010 e slo |
| 020 |
|
|
|a 9788081598586
|q (brožované)
|
| 040 |
|
|
|a SNK
|b slo
|c SNK
|e rda
|
| 041 |
0 |
|
|a slo
|
| 044 |
|
|
|a xo
|c SK
|
| 072 |
|
7 |
|a 159.92
|x Vývinová psychológia. Psychológia osobnosti
|2 konspekt
|
| 080 |
|
|
|a 159.923.5
|2 2011
|
| 080 |
|
|
|a 316.648.4
|2 2011
|
| 080 |
|
|
|a 316.46.058.2
|2 2011
|
| 080 |
|
|
|a 17.02
|2 2011
|
| 080 |
|
|
|a (0:82-4)
|2 2011
|
| 080 |
|
|
|a (035)
|2 2011
|
| 100 |
1 |
|
|a Ptačin, Jakub,
|d 1990-
|4 aut
|9 507006
|
| 245 |
1 |
0 |
|a 53 pokusov, ako byť lepší
|b všetko, čo už vieš, ale potrebuješ počuť znova
|c Jakub Ptačin
|
| 246 |
3 |
|
|a Päťdesiattri pokusov, ako byť lepší
|
| 250 |
|
|
|a Prvé vydanie
|
| 264 |
|
1 |
|a Bratislava
|b Premedia
|c 2020
|
| 300 |
|
|
|a 158 strán
|c 20 cm
|
| 336 |
|
|
|a text
|b txt
|2 rdacontent
|
| 337 |
|
|
|a bez média
|b n
|2 rdamedia
|
| 338 |
|
|
|a zväzok
|b nc
|2 rdacarrier
|
| 504 |
|
|
|a Obsahuje bibliografiu a bibliografické odkazy
|
| 650 |
0 |
7 |
|a rozvoj osobnosti
|2 SNKPH
|9 63298
|
| 650 |
0 |
7 |
|a sebazdokonaľovanie
|2 SNKPH
|9 16609
|
| 650 |
0 |
7 |
|a zmena postoja
|2 SNKPH
|9 155817
|
| 650 |
0 |
7 |
|a koučovanie
|2 SNKPH
|9 69701
|
| 650 |
0 |
7 |
|a životná múdrosť
|2 SNKPH
|9 4008
|
| 655 |
|
7 |
|a eseje
|2 SNKPH
|9 57030
|
| 655 |
|
7 |
|a príručky
|2 SNKPH
|9 74364
|
| 852 |
|
|
|a Štátna vedecká knižnica v Banskej Bystrici
|
| 919 |
|
|
|a 978-80-8159-858-6
|
| 999 |
|
|
|c 782713
|d 784643
|
| 952 |
|
|
|t snkPTA 159.923.01
|a SNKUST
|b SNKUST
|y PREZ
|7 0
|p 17A1457341
|o snkSD 90011 D2
|i snk2021/11268
|8 3
|g 10.62
|0 0
|1 0
|4 0
|d 2021-08-27
|l 0
|r 2025-03-19 00:00:00
|w 2026-02-24
|